Pátý list čtyřlístku /

Hlavní autor: Knitlová, Jana, 1942-
Jazyk: Čeština
Vydáno: Praha : Motto, 2011
Vydání: Vyd. 1.
Edice: Detektivka (Motto)
Témata:
Externí odkaz: Digitalizovaný dokument
Fyzický popis: 248 s. ; 21 cm
Knihy
Uloženo v:
LEADER 01278nam a2200385 a 4500
001 nkc20112201365
003 CZ PrNK
005 20251125235006.0
007 ta
008 110719s2011 xr e 000 f cze
015 |a cnb002201365 
020 |a 978-80-7246-550-7  |q (váz.) 
035 |a (OCoLC)746838104 
040 |a ABA001  |b cze 
072 7 |a 821.162.3-3  |x Česká próza  |2 Konspekt  |9 25 
080 |a 821.162.3-31  |2 MRF 
080 |a (0:82-312.4)  |2 MRF 
100 1 |a Knitlová, Jana,  |d 1942-  |7 jk01060817  |4 aut 
245 1 0 |a Pátý list čtyřlístku /  |c Jana Knitlová 
250 |a Vyd. 1. 
260 |a Praha :  |b Motto,  |c 2011 
300 |a 248 s. ;  |c 21 cm 
490 1 |a Detektivka 
655 7 |a české romány  |7 fd133974  |2 czenas 
655 7 |a detektivní romány  |7 fd132010  |2 czenas 
655 9 |a Czech fiction  |2 eczenas 
655 9 |a detective novels  |2 eczenas 
830 0 |a Detektivka (Motto)  |0 s 
856 4 1 |u http://www.digitalniknihovna.cz/mzk/uuid/uuid:2b368fa0-afdb-11f0-accc-005056827e51  |y Digitalizovaný dokument  |x NDK 
910 2 |a BOA001  |b 2-1269.729 
928 9 |a R + H, nakladatelství Motto 
990 |a BK 
995 |a 01 
991 |b 201107  |e b 
996 6 |b 2610483940  |c 2-1269.729  |l MZK  |r Sklad / do 1 hodiny  |n 0  |p p.v.  |w 001191519  |u 000010  |a 1  |e BOA001  |j MZK50  |s P